| 000 | 00729nam a2200265Ia 4500 | ||
|---|---|---|---|
| 008 | 160803s9999 xx 000 0 und d | ||
| 020 | _a9780590441100 | ||
| 100 | _aEvslin, Bernard | ||
| 245 | 4 | _aThe Greek gods / | |
| 245 | _cBernard Evslin, Dorothy Evslin, Ned Hoopes ; illustrated by William Hunter. | ||
| 260 | _aNew York : | ||
| 260 | _bScholastic Inc. | ||
| 260 | _c1966 | ||
| 300 | _a116 pages : | ||
| 300 | _billustrations ; | ||
| 300 | _c20 cm. | ||
| 440 | _aPoint (Scholastic Inc.) | ||
| 650 | _aGods, Greek | ||
| 650 | _aGods, Greek -- | ||
| 650 | _aMythology, Greek -- | ||
| 650 | _aMythology, Greek. | ||
| 650 | _xJuvenile literature. | ||
| 650 | _xJuvenile literature. | ||
| 700 | _a840 | ||
| 999 |
_c298653 _d298653 |
||